| 000 | 00596nam a2200193 a 4500 | ||
|---|---|---|---|
| 005 | 20240925065930.0 | ||
| 008 | 991125s1974 ag 000 0 spa u | ||
| 035 | _aUPN01000055967 | ||
| 049 | _aCG | ||
| 050 | 4 |
_aLB1044.7 _bC3.8 |
|
| 100 | 1 | _aCassirer, Henry R. | |
| 245 | 1 | 0 |
_aTelevisión y enseñanza / _cHenry R. Cassirer. |
| 260 |
_aBuenos Aires : _bHachette : _bSolar, _c1974. |
||
| 300 |
_a302 p., [7] p. de láms. ; _bil. |
||
| 440 | 0 | _aDimensión de los problemas | |
| 650 | 4 |
_aEnseñanza _vMateriales auxiliares _912548 |
|
| 650 | 4 |
_aTelevisión en la educación _91518 |
|
| 905 | _aLibro | ||
| 999 |
_c55967 _d55967 |
||